000
00325nam a22001457a 4500
008
210511b ||||| |||| 00| 0 eng d
020
_a
716723640019
041
_a
eng
080
_a
541
082
_a
541
100
_a
12
101
_a
KIM
245
_a
The Elements of Physical Chemistry
_c
P. W. Atkins
942
_2
udc
_c
BK
999
_c
57212
_d
57212